Geología de Portugal (Record no. 102397)

MARC details
000 -LEADER
campo de control de longitud fija 00760nam a2200205 i 4500
001 - NÚMERO DE CONTROL
campo de control 102397
003 - IDENTIFICADOR DE NÚMERO DE CONTROL
campo de control ES-MaACL
005 - FECHA Y HORA DE LA ÚLTIMA TRANSACCIÓN
campo de control 20230906183113.0
007 - CAMPO FIJO DE DESCRIPCIÓN FÍSICA--INFORMACIÓN GENERAL
campo de control de longitud fija t|
008 - DATOS DE LONGITUD FIJA--INFORMACIÓN GENERAL
campo de control de longitud fija 051110s1957 po ||||1| por d
100 1# - ENTRADA PRINCIPAL--NOMBRE DE PERSONA
Nombre de persona Acciaiuoli, Luís de Meneses,
Fechas asociadas al nombre 1888-1958
9 (RLIN) 18205
245 10 - MENCIÓN DEL TÍTULO
Título Geología de Portugal
Resto del título : ensaio bibliográfico /
Mención de responsabilidad, etc. pelo Luís de Menezes Acciaiuoli.
260 ## - PUBLICACIÓN, DISTRIBUCIÓN, ETC.
Lugar de publicación, distribución, etc. Lisboa :
Nombre del editor, distribuidor, etc. [s.n.],
Fecha de publicación, distribución, etc. 1957 (
Fabricante Gráf. Ramos)
300 ## - DESCRIPCIÓN FÍSICA
Extensión 1 v. (LXII, 504 p.) ;
Dimensiones 26 cm.
500 ## - NOTA GENERAL
Nota general Precede al tít.: Direcçao Geral de Minas e Serviços Geológicos.
650 #4 - PUNTO DE ACCESO ADICIONAL DE MATERIA--TÉRMINO DE MATERIA
Término de materia o nombre geográfico como elemento de entrada Geología-
Subdivisión geográfica Portugal-
Subdivisión de forma Bibliografías.
9 (RLIN) 172397
710 1# - ENTRADA AGREGADA--NOMBRE DE ENTIDAD CORPORATIVA
Nombre de entidad corporativa o nombre de jurisdicción como elemento de entrada Portugal.
Unidad subordinada Direcçao Geral de Minas e Serviços Geológicos.
9 (RLIN) 6242
852 ## - LOCALIZACIÓN
Ubicación ES-MaACL
Número de control de estantería P-1014
Holdings
Estatus retirado Estado de pérdida Estado de daño No para préstamo Biblioteca de origen Biblioteca actual Ubicación en estantería Fecha de adquisición Fuente de adquisición Total de préstamos Signatura topográfica completa Código de barras Visto por última vez Precio de reemplazo Tipo de ítem Koha
        Biblioteca del Ateneo de Madrid Biblioteca del Ateneo de Madrid Depósito 2 17/01/2008     P-1014 1106891 23/02/2023 23/02/2023 Libro impreso